First Country Alphabetically A-Z - Statistics

General Stats
  • This quiz has been taken 33 times
    9 since last reset
  • The average score is 15 of 24
Answer Stats
Letter Country % Correct
C Cambodia
86%
D Denmark
86%
G Gabon
86%
O Oman
86%
P Pakistan
86%
Q Qatar
86%
A Afghanistan
71%
B Bahamas
71%
H Haiti
71%
J Jamaica
71%
N Namibia
71%
Y Yemen
71%
E Ecuador
57%
F Fiji
57%
I Iceland
57%
K Kazakhstan
57%
L Laos
57%
M Madagascar
57%
U Uganda
57%
V Vanuatu
57%
Z Zambia
57%
R Romania
43%
S St Kitts and Nevis
14%
T Taiwan
14%
No matching quizzes found
Score Distribution
Percent of People with Each Score
Percentile by Number Answered
Your Score History
You have not taken this quiz since the last reset